| 000 | 00919nam a2200241 a 4500 | ||
|---|---|---|---|
| 001 | 44993 | ||
| 003 | BD-RjUL | ||
| 005 | 20211209053939.0 | ||
| 008 | 160721s1989 bg ||||| |||| 00| 0 ben d | ||
| 020 | _c: Tk.140.00 | ||
| 035 | _a(BD-RjUL)45111 | ||
| 040 |
_aBD-RjUL _bben _cBD-RjUL _dBD-RjUL |
||
| 041 | _aben | ||
| 082 |
_223 _a621.3815 _bRAD 1989 |
||
| 100 |
_aরহমান, মোহাম্মদ লুৎফর _9123052 |
||
| 245 | 1 | 0 |
_aডিজিট্যাল ইলেকট্রনিক্স / _cমোহাম্মদ লুৎফর রহমান, |
| 260 |
_aঢাকা : _bবাংলা একাডেমী, _c১৯৮৯ |
||
| 300 |
_a খন্ড : _bচিত্র ; _c২৭ সেমি. |
||
| 505 | _a ২য় খন্ড -- | ||
| 650 |
_aডিজিটাল ইলেক্ট্রনিক্স _9137873 |
||
| 650 |
_aDigital Electronics _9137874 |
||
| 942 |
_2ddc _cBK |
||
| 999 |
_c44993 _d44993 |
||